Представление документа в формате RUSMARC

ПолеНазваниеЗначение
  Тип записи c
  Библиографический уровень m
001 Контрольный номер RU/УОНБ/EK_N/322864214
005 Дата корректировки 20240130235146.4
010 Индекс ISBN __
9 Тираж 500 экз.
013 Номер (ISMN) __
d Цена 89 р. 43 к.
071 Издательские номер (звукозапись и ноты) 21
a Номер, присвоенный агентством 3075
100 Данные общей обработки __
a Данные общей обработки 20190913d2002 c y0rusy0103||||ba
101 Язык документа 0_
a Язык текста rus
f Язык титульного листа rus
102 Страна публикации __
a Страна публикации RU
125 Кодированные данные звукозаписи и нотных изданий __
a Форма изложения нотного текста с|
128 Кодированные данные (звукозаписи-физические характеристики) __
a Кодированные данные: Музыкальная форма и тональность или лад zz
c Инструменты или голоса, рекомендуемые для солистов (устаревшее) vu||
c Инструменты или голоса, рекомендуемые для солистов (устаревшее) ka||
200 Заглавие и сведения об ответственности 1_
a Заглавие Музыка
b Общее обозначение материала Ноты
e Сведения, относящиеся к заглавию нотная хрестоматия
e Сведения, относящиеся к заглавию для учителей общеобразоват. школы
f Первые сведения об ответственности С. В. Морено, А. О. Морено, С. В. Агафонова
210 Выходные данные 1_
a Место издания СПб.
c Издательство Композитор
d Дата издания 2002
215 Физическое описание __
a Объем 136 с.
d Формат 29 см
300 Общие примечания __
a Общие примечания [С предисл. авт.]
327 Примечание о содержании 11
a Примечание о содержании Содерж. : Первая четверть. Пение : Музыкальное приветствие. - Музыкальное прощание. - Кабалевский Д. Песня о школе / сл. В. Викторова. - У кота-воркота : рус. нар. прибаутка / обраб. Е. Герасименко. - Слонов Ю. Осенние листья / сл. И. Токмаковой. - Ай-я, жу-жу : латыш. нар. песня / сл. нар. ; обраб. В. Шипулина. - Каравай : рус. нар. песня / обраб. Т. Попатенко. - Магиденко М. Поскорей / сл. Н. Найдёновой. - Герчик В. Первый звонок / сл. Е. Авдиенко. - Лядова Л. Осенняя пора / сл. В. Малкова. - Иванников В. Ёжик / сл. Л. Некрасовой. - Дождик : рус. нар. песня. - Исполнение учителем : Александров А. Государственный Гимн России / сл. С. Михалкова. - Шаинский В. Чему учат в школе / сл. М. Пляцковского. - Черчилль Ф. Три фрагмента : из муз. к мф. "Белоснежка и семь гномов" / обраб. В. Моделя. - Уотт Д. Три поросёнка : песенка из мф. "Три поросёнка" / сл. С. Михалкова. - Гладков Г. Песенка друзей : из мф. "Бременские музыканты" / сл. Ю. Энтина. - Спадавеккиа А. Добрый жук : песенка-танец из кф. "Золушка" / сл. Е. Шварца. - Чайковский П. Танец маленьких лебедей : из балета "Лебединое озеро" ; Вальс : из балета "Спящая красавица" : фрагмент ; Полька ; Болезнь куклы : из "Детского альбома" ; Октябрь. Осенняя песнь : из цикла "Времена года". - Блантер М. Футбольный марш. - Паулс Р. Колыбельная : из кф. "Долгая дорога в дюнах" / сл. Аспазии. - Флис Б. Колыбельная. - Словацкая народная колыбельная / обраб. Е. Герасименко. - Во поле берёза стояла : рус. нар. песня / обраб. Н. Римского-Корсакова. - Григ Э. Утро : из муз. к драме Г. Ибсена "Пер Гюнт" : фрагмент. - Вторая четверть. Пение : Тиличеева Е. Кап-кап... / сл. Е. Шмаковой. - Слонов Ю. Кукушка / сл. Л. Некрасовой. - Старокадомский М. Что за дерево такое? / сл. Л. Некрасовой. - Слонов Ю. Зимняя колыбельная / сл. В. Викторова. - Исполнение учителем : Галынин Г. Медведь. - Фрике Р. Весёлая кукушка. - Майкапар С. Дождик. - Глинка М. Полька. - Шостакович Д. Марш. - Гладков Г. Колыбельная. - Крутицкий М. Зима. - Агафонников В. Сани с колокольчиками. - Шуберт Ф. Вальс : фрагмент. - Вилькорейская Е. Карусель : игра. - Савинцев П. Танец. - Шуман Р. Весёлый крестьянин, возвращающийся с работы. - Гречанинов А. Колыбельная. - Чайковский П. Баба-яга : из "Детского альбома". - Тиличеева Е. Узнай по голосу : игра / сл. Ю. Островского. - Герчик В. К нам приходит Новый год / сл. З. Петровой. - Третья четверть. Пение : Потоловский Н. Метель / сл. Н. Новикова. - Иорданский М. Как на тоненький ледок : рус. нар. песня. - Заинька : рус. нар. песня / обраб. Н. Римского-Корсакого. - Шаинский В. Песенка про папу / сл. М. Танича. - Филиппенко А. Вечный огонь / сл. Д. Чибисова. - Сорока-сорока : рус. нар. прибаутка. - Тиличеева Е. Лесенка ; Колыбельная / сл. Е. Тиличеевой ; Бубенчики / сл. М. Доликова. - Калинников В. Тень-тень / сл. нар. - Парцхаладзе М. Мамина песенка / сл. М. Пляцковского. - Карасёва В. Паровоз / сл. Н. Френкель . - Попатенко Т. Ай да берёзка / сл. Ж. Агаджановой. - Слонов Ю. Наша мама / сл. О. Высотской. - Богуславский С. Песня о пограничнике / сл. О. Высотской. - Барашеньки ; Андрей-воробей : рус. нар. прибаутка. - Исполнение учителем : Ах ты, котенька-коток : рус. нар. прибаутка. - Шуман Р. Дед Мороз ; Зимняя пора : из "Альбома для юношества". - Чайковский П. Неаполитанская песенка ; Камаринская ; Марш деревянных солдатиков : из "Детского альбома" ; Январь. У камелька ; Февраль. Масленица : из цикла "Времена года". - Прокофьев С. Утро : из "Детской музыки". - Калинка : рус. нар. песня : фрагмент / обраб. Е. Герасименко. - Рахманинов С. Итальянская полька. - Шопен Ф. Прелюдия : из цикла "24 прелюдии". - Четвёртая четверть. Пение : Филиппенко А. Весёлый музыкант / сл. Т. Волгиной. - Львов-Компанеец Д. Дружат дети всей земли / сл. В. Викторова. - Шаинский В. Вместе весело шагать / сл. М. Матусовского. - Чичков Ю. Музыкант-турист / сл. И. Белякова. - Старокадомский М. Любитель-рыболов / сл. А. Барто. - Кабалевский Д. Наш край / сл. А. Пришельца. - Исполнение учителем : Чайковский П. Старинная французская песенка : из "Детского альбома". - Волков В. Тонкая рябина : рус. нар. песня / сл. И. Сурикова. - Штраус И. Марш ; Полька : фрагменты. - Дунаевский И. Песня о Родине / сл. В. Лебедева-Кумача. - Покрасс Дм. Марш Будённого. - Шуберт Ф. Военный марш. - Чайковский П. Вальс : из "Детского альбома". - Сметана Б. Полька. - Бах И. С. Менуэт : из "Нотной тетради Анны Магдалены Бах".
464 Аналитический уровень _0
1 2001
a Музыкальное приветствие
e Здравствуйте, дети...
464 Аналитический уровень _0
1 2001
a Музыкальное прощание
e До свиданья, дети...
464 Аналитический уровень _0
1 2001
a Песня о школе
e Мы в счастливый светлый день...
1 700 1
a Кабалевский
b Д.
1 702 1
a Викторов
b В.
4 520
464 Аналитический уровень _0
1 2001
a У кота-воркота
e У кота-воркота...
e рус. нар. прибаутка
1 702 1
a Герасименко
b Е.
4 030
464 Аналитический уровень _0
1 2001
a Осенние листья
e Опустел скворечник...
1 700 1
a Слонов
b Ю.
1 702 1
a Токмакова
b И.
4 520
464 Аналитический уровень _0
1 2001
a Ай-я, жу-жу
e Ай-я, жу-жу...
e латыш. нар. песня
1 702 1
a Слова народные
1 702 1
a Шипулин
b В.
4 030
464 Аналитический уровень _0
1 2001
a Каравай
e Как на Петино рожденье...
e рус. нар. песня
1 702 1
a Попатенко
b Т.
4 030
464 Аналитический уровень _0
1 2001
a Поскорей
e Поскорей, поскорей...
1 700 1
a Магиденко
b М.
1 702 1
a Найдёнова
b Н.
4 520
464 Аналитический уровень _0
1 2001
a Первый звонок
e В небе солнышко скучает...
1 700 1
a Герчик
b В.
1 702 1
a Авдиенко
b Е.
4 520
464 Аналитический уровень _0
1 2001
a Осенняя пора
e Опять пришла ненастная...
1 700 1
a Лядова
b Л.
1 702 1
a Малков
b В.
4 520
464 Аналитический уровень _0
1 2001
a Ёжик
e Под корнями старой ёлки...
1 700 1
a Иванников
b В.
1 702 1
a Некрасова
b Л.
4 520
464 Аналитический уровень _0
1 2001
a Дождик
e Дождик, дождик, пуще...
e рус. нар. песня
464 Аналитический уровень _0
1 2001
a Государственный Гимн России
e Россия - священная наша держава...
1 700 1
a Александров
b А.
1 702 1
a Михалков
b С.
4 520
464 Аналитический уровень _0
1 2001
a Чему учат в школе
e Буквы разные писать...
1 700 1
a Шаинский
b В.
1 702 1
a Пляцковский
b М.
4 520
464 Аналитический уровень _0
1 2001
a Три фрагмента
e из муз. к мф. "Белоснежка и семь гномов"
1 700 1
a Черчилль
b Ф.
1 702 1
a Модель
b В.
4 030
1 50010
a Белоснежка и семь гномов
464 Аналитический уровень _0
1 2001
a Три поросёнка
e Хоть полсвета обойдёшь...
e песенка из мф. "Три поросёнка"
1 700 1
a Уотт
b Д.
1 702 1
a Михалков
b С.
4 520
1 50010
a Три поросёнка
464 Аналитический уровень _0
1 2001
a Песенка друзей
e Ничего на свете лучше нету...
e из мф. "Бременские музыканты"
1 700 1
a Гладков
b Г.
1 702 1
a Энтин
b Ю.
4 520
1 50010
a Бременские музыканты
464 Аналитический уровень _0
1 2001
a Добрый жук
e Встаньте, дети, встаньте в круг...
e песенка-танец из кф. "Золушка"
1 700 1
a Спадавеккиа
b А.
1 702 1
a Шварц
b Е.
4 520
1 50010
a Золушка
464 Аналитический уровень _0
1 2001
a Танец маленьких лебедей
e из балета "Лебединое озеро"
e сокращен. ред.
1 700 1
a Чайковский
b П.
1 50010
a Лебединое озеро
464 Аналитический уровень _0
1 2001
a Футбольный марш
1 700 1
a Блантер
b М.
464 Аналитический уровень _0
1 2001
a Колыбельная
e За печкою поёт сверчок...
e из кф. "Долгая дорога в дюнах"
1 700 1
a Паулс
b Р.
1 702 1
a Аспазия
4 520
1 50010
a Долгая дорога в дюнах
464 Аналитический уровень _0
1 2001
a Колыбельная
e Спи, мой любимый, усни...
1 700 1
a Флис
b Б.
1 702 1
a Свириденко
b С.
4 730
4 520
464 Аналитический уровень _0
1 2001
a Словацкая народная колыбельная
e Ночь сизокрылая за окном...
1 702 1
a Герасименко
b Е.
4 030
464 Аналитический уровень _0
1 2001
a Во поле берёза стояла
e рус. нар. песня
1 702 1
a Римский-Корсаков
b Н.
4 030
464 Аналитический уровень _0
1 2001
a Утро
e из муз. к драме Г. Ибсена "Пер Гюнт"
e фрагмент
1 700 1
a Григ
b Э.
1 50010
a Пер Гюнт
464 Аналитический уровень _0
1 2001
a Кап-кап...
e Кап-кап, кап-кап! Дождь идёт...
1 700 1
a Тиличеева
b Е.
1 702 1
a Шмакова
b Е.
4 520
464 Аналитический уровень _0
1 2001
a Кукушка
e Солнцем залита опушка...
1 700 1
a Слонов
b Ю.
1 702 1
a Некрасова
b Л.
4 520
464 Аналитический уровень _0
1 2001
a Что за дерево такое?
e Что за дерево такое...
1 700 1
a Старокадомский
b М.
1 702 1
a Некрасова
b Л.
4 520
464 Аналитический уровень _0
1 2001
a Зимняя колыбельная
e Всё сильней метёт метель...
1 700 1
a Слонов
b Ю.
1 702 1
a Викторов
b В.
4 520
464 Аналитический уровень _0
1 2001
a Медведь
1 700 1
a Галынин
b Г.
464 Аналитический уровень _0
1 2001
a Весёлая кукушка
1 700 1
a Фрике
b Р.
464 Аналитический уровень _0
1 2001
a Дождик
1 700 1
a Майкапар
b С.
464 Аналитический уровень _0
1 2001
a Полька
1 700 1
a Глинка
b М.
464 Аналитический уровень _0
1 2001
a Марш
1 700 1
a Шостакович
b Д.
464 Аналитический уровень _0
1 2001
a Колыбельная
1 700 1
a Гладков
b Г.
464 Аналитический уровень _0
1 2001
a Зима
1 700 1
a Крутицкий
b М.
464 Аналитический уровень _0
1 2001
a Сани с колокольчиками
1 700 1
a Агафонников
b В.
464 Аналитический уровень _0
1 2001
a Вальс
e фрагмент
1 700 1
a Шуберт
b Ф.
464 Аналитический уровень _0
1 2001
a Карусель
e игра
1 700 1
a Вилькорейская
b Е.
464 Аналитический уровень _0
1 2001
a Танец
1 700 1
a Савинцев
b П.
464 Аналитический уровень _0
1 2001
a Весёлый крестьянин, возвращающийся с работы
1 700 1
a Шуман
b Р.
464 Аналитический уровень _0
1 2001
a Колыбельная
1 700 1
a Гречанинов
b А.
464 Аналитический уровень _0
1 2001
a Баба-яга
e из "Детского альбома"
1 700 1
a Чайковский
b П.
1 50010
a Детский альбом
464 Аналитический уровень _0
1 2001
a Узнай по голосу
e Ваня, ты сейчас в лесу...
e игра
1 700 1
a Тиличеева
b Е.
1 702 1
a Островский
b Ю.
4 520
464 Аналитический уровень _0
1 2001
a К нам приходит Новый год
e Хорошо, что каждый год...
1 700 1
a Герчик
b В.
1 702 1
a Петрова
b З.
4 520
464 Аналитический уровень _0
1 2001
a Метель
e Разыграйтеся, метели...
1 700 1
a Потоловский
b Н.
1 702 1
a Новиков
b Н.
4 520
464 Аналитический уровень _0
1 2001
a Как на тоненький ледок
e Как на тоненький ледок...
e рус. нар. песня
1 702 1
a Иорданский
b М.
4 030
464 Аналитический уровень _0
1 2001
a Заинька
e Заинька, выходи...
e рус. нар. песня
1 702 1
a Римский-Корсаков
b Н.
4 030
464 Аналитический уровень _0
1 2001
a Песенка про папу
e Сколько песен мы с вами вместе...
1 700 1
a Шаинский
b В.
1 702 1
a Танич
b М.
4 520
464 Аналитический уровень _0
1 2001
a Вечный огонь
e Над могилой в тихом парке...
1 700 1
a Филиппенко
b А.
1 702 1
a Чибисов
b Д.
4 520
464 Аналитический уровень _0
1 2001
a Сорока-сорока
e Сорока-сорока...
e рус. нар. прибаутка
464 Аналитический уровень _0
1 2001
a Лесенка
e Я шагаю вверх...
1 700 1
a Тиличеева
b Е.
464 Аналитический уровень _0
1 2001
a Тень-тень
e Тень-тень, потетень...
1 700 1
a Калинников
b В.
1 702 1
a Слова народные
4 520
464 Аналитический уровень _0
1 2001
a Мамина песенка
e Если в небе туча хмурится...
1 700 1
a Парцхаладзе
b М.
1 702 1
a Пляцковский
b М.
4 520
464 Аналитический уровень _0
1 2001
a Паровоз
e Паровоз кричит : "Ду-ду"...
1 700 1
a Карасёва
b В.
1 702 1
a Френкель
b Н.
4 520
464 Аналитический уровень _0
1 2001
a Ай да берёзка
e Мы вокруг берёзки...
1 700 1
a Попатенко
b Т.
1 702 1
a Агаджанова
b Ж.
4 520
464 Аналитический уровень _0
1 2001
a Наша мама
e Мы с мамой любимой...
1 700 1
a Слонов
b Ю.
1 702 1
a Высотская
b О.
4 520
464 Аналитический уровень _0
1 2001
a Песня о пограничнике
e Лес дремучий снегами покрыт...
1 700 1
a Богуславский
b С.
1 702 1
a Высотская
b О.
4 520
464 Аналитический уровень _0
1 2001
a Барашеньки
e Барашеньки, крутороженьки...
e рус. нар. прибаутка
464 Аналитический уровень _0
1 2001
a Ах ты, котенька-коток
e Ах ты, котенька-коток...
e рус. нар. прибаутка
464 Аналитический уровень _0
1 2001
a Дед Мороз
e из "Альбома для юношества"
1 700 1
a Шуман
b Р.
1 50010
a Альбом для юношества
464 Аналитический уровень _0
1 2001
a Неаполитанская песенка
e из "Детского альбома"
1 700 1
a Чайковский
b П.
1 50010
a Детский альбом
464 Аналитический уровень _0
1 2001
a Утро
e из "Детской музыки"
1 700 1
a Прокофьев
b С.
1 50010
a Детская музыка
464 Аналитический уровень _0
1 2001
a Калинка
e Калинка, калинка, калинка моя...
e рус. нар. песня
e фрагмент
1 702 1
a Герасименко
b Е.
4 030
464 Аналитический уровень _0
1 2001
a Итальянская полька
1 700 1
a Рахманинов
b С.
1 702 1
a Зилоти
b А.
4 030
464 Аналитический уровень _0
1 2001
a Прелюдия
e из цикла "24 прелюдии"
1 700 1
a Шопен
b Ф.
1 50010
a 24 прелюдии
464 Аналитический уровень _0
1 2001
a Весёлый музыкант
e Я на скрипочке играю...
1 700 1
a Филиппенко
b А.
1 702 1
a Волгина
b Т.
4 520
464 Аналитический уровень _0
1 2001
a Дружат дети всей земли
e Дружат пчёлка и цветок...
1 700 1
a Львов-Компанеец
b Д.
1 702 1
a Викторов
b В.
4 520
464 Аналитический уровень _0
1 2001
a Вместе весело шагать
e Вместе весело шагать по просторам...
1 700 1
a Шаинский
b В.
1 702 1
a Матусовский
b М.
4 520
464 Аналитический уровень _0
1 2001
a Музыкант-турист
e На плечах рюкзак тяжёлый...
1 700 1
a Чичков
b Ю.
1 702 1
a Беляков
b И.
4 520
464 Аналитический уровень _0
1 2001
a Любитель-рыболов
e С утра сидит на озере...
1 700 1
a Старокадомский
b М.
1 702 1
a Барто
b А.
4 520
464 Аналитический уровень _0
1 2001
a Наш край
e То берёзка, то рябина...
1 700 1
a Кабалевский
b Д.
1 702 1
a Пришелец
b А.
4 520
464 Аналитический уровень _0
1 2001
a Старинная французская песенка
e из "Детского альбома"
1 700 1
a Чайковский
b П.
1 50010
a Детский альбом
464 Аналитический уровень _0
1 2001
a Тонкая рябина
e Что стоишь, качаясь...
e рус. нар. песня
1 702 1
a Волков
b В.
4 030
1 702 1
a Суриков
b И.
4 520
464 Аналитический уровень _0
1 2001
a Марш
e фрагмент
1 700 1
a Штраус
b И.
464 Аналитический уровень _0
1 2001
a Песня о Родине
e Широка страна моя родная...
1 700 1
a Дунаевский
b И.
1 702 1
a Лебедев-Кумач
b В.
4 520
464 Аналитический уровень _0
1 2001
a Марш Будённого
1 700 1
a Покрасс
b Дм.
464 Аналитический уровень _0
1 2001
a Военный марш
1 700 1
a Шуберт
b Ф.
464 Аналитический уровень _0
1 2001
a Вальс
e из "Детского альбома"
1 700 1
a Чайковский
b П.
1 50010
a Детский альбом
464 Аналитический уровень _0
1 2001
a Полька
1 700 1
a Сметана
b Б.
464 Аналитический уровень _0
1 2001
a Менуэт
e из "Нотной тетради Анны Магдалены Бах"
1 700 1
a Бах
b И. С.
1 50010
a Нотная тетрадь Анны Магдалены Бах
464 Аналитический уровень _0
1 2001
a Вальс
e из балета "Спящая красавица"
e фрагмент
1 700 1
a Чайковский
b П.
1 50010
a Спящая красавица
464 Аналитический уровень _0
1 2001
a Полька
e из "Детского альбома"
1 700 1
a Чайковский
b П.
1 50010
a Детский альбом
464 Аналитический уровень _0
1 2001
a Болезнь куклы
e из "Детского альбома"
1 700 1
a Чайковский
b П.
1 50010
a Детский альбом
464 Аналитический уровень _0
1 2001
a Октябрь
a Осенняя песня
e из цикла "Времена года"
1 700 1
a Чайковский
b П.
1 50010
a Времена года
464 Аналитический уровень _0
1 2001
a Бубенчики
e Бубенчики висят...
1 700 1
a Тиличеева
b Е.
1 702 1
a Доликов
b М.
4 520
464 Аналитический уровень _0
1 2001
a Колыбельная
e Спи, мой мишка...
1 700 1
a Тиличеева
b Е.
1 702 1
a Тиличеева
b Е.
4 520
464 Аналитический уровень _0
1 2001
a Андрей-воробей
e Андрей-воробей, не гоняй голубей...
e рус. нар. прибаутка
464 Аналитический уровень _0
1 2001
a Зимняя пора
e из "Альбома для юношества"
1 700 1
a Шуман
b Р.
1 50010
a Альбом для юношества
464 Аналитический уровень _0
1 2001
a Камаринская
e из "Детского альбома"
1 700 1
a Чайковский
b П.
1 50010
a Детский альбом
464 Аналитический уровень _0
1 2001
a Марш деревянных солдатиков
e из "Детского альбома"
1 700 1
a Чайковский
b П.
1 50010
a Детский альбом
464 Аналитический уровень _0
1 2001
a Январь
a У камелька
e из цикла "Времена года"
1 700 1
a Чайковский
b П.
1 50010
a Времена года
464 Аналитический уровень _0
1 2001
a Февраль
a Масленица
e из цикла "Времена года"
1 700 1
a Чайковский
b П.
1 50010
a Времена года
464 Аналитический уровень _0
1 2001
a Полька
e фрагмент
1 700 1
a Штраус
b И.
512 Заглавие обложки 1_
a Заглавие обложки Музыка
600 Персоналии _1
a Персоналии (Фамилия) Морено, Станислав Венедиктович
600 Персоналии _1
a Персоналии (Фамилия) Морено, Анжелика Олеговна
600 Персоналии _1
a Персоналии (Фамилия) Агафонова, Светлана Викторовна
606 Тематические рубрики 0_
a Основная рубрика Хрестоматии для общеобразовательных школ
x Основная подрубрика Школьное музыкальное воспитание
x Основная подрубрика Учебные пособия
610 Ключевые слова 0_
a Ключевые слова хрестоматии для общеобразовательных школ
610 Ключевые слова 0_
a Ключевые слова музыкальное воспитание
610 Ключевые слова 0_
a Ключевые слова Морено С. В.
610 Ключевые слова 0_
a Ключевые слова Морено А. О.
610 Ключевые слова 0_
a Ключевые слова Агафонова С. В.
686 Индексы других классификаций __
a Классификационный индекс 85.98я72
2 Код системы rubbk
700 Автор _1
a Фамилия Морено
b Имя (инициалы) С. В.
g Полное личное имя Станислав Венедиктович
701 Альтернативная интеллектуальная ответственность _1
a Фамилия Морено
b Имя (инициалы) А. О.
g Полное личное имя Анжелика Олеговна
701 Альтернативная интеллектуальная ответственность _1
a Фамилия Агафонова
b Имя (инициалы) С. В.
g Полное личное имя Светлана Викторовна
801 Источник записи _0
a Страна RU
b Организация Ульяновская ОНБ
c Дата составления 20190913
g Правила каталогизации RCR
801 Источник записи _1
a Страна RU
b Организация Ульяновская ОНБ
c Дата составления 20190913
901 Тип документа __
t Тип документа m
909 Создатель записи __
a Создатель записи Лобина Л. И.
938 Служебная информация __
a Имя БД noti
b Имя библиотеки УОНБ
c Имя АИБС МАРК-SQL
d Номер DOC_ID в БД 5936